LEADER 00935nam a2200265 i 4500 001 991000683989707536 005 20020507172231.0 008 940923s1942 us ||| | eng 035 $ab10742827-39ule_inst 035 $aLE01300676$9ExL 040 $aDip.to Matematica$beng 082 0 $a510 084 $aAMS 54-XX 100 1 $aWhiburn, Gordon Thomas$0534639 245 10$aAnalytic topology /$cGordon Thomas Whiburn 260 $aProvidence, R.I. :$bAmerican Mathematical Society,$c1942 300 $avii, 280 p. ;$c26 cm 490 0 $aColloquium publications, $x0065-9258 ;$v28 650 4$aGeneral topology 907 $a.b10742827$b23-02-17$c28-06-02 912 $a991000683989707536 945 $aLE013 54-XX WHI11 (1942)$g1$i2013000009735$lle013$o-$pE0.00$q-$rl$s- $t0$u0$v0$w0$x0$y.i10834254$z28-06-02 996 $aAnalytic topology$9910803 997 $aUNISALENTO 998 $ale013$b01-01-94$cm$da $e-$feng$gus $h0$i1 LEADER 01622nam2 22003613i 450 001 UMC0059835 005 20251003044431.0 020 $aIT$b8212595 100 $a20130827d1982 ||||0itac50 ba 101 | $aita 102 $ait 181 1$6z01$ai $bxxxe 182 1$6z01$an 183 1$6z01$anc$2RDAcarrier 200 1 $aˆ2: ‰Personalità autoritaria e interviste cliniche$fT. W. Adorno ... [et al.]$gin collaborazione con B. Aron, M. Hertz Levinson, W. R. Morrow 210 $aMilano$cEdizioni di Comunità$d1982 215 $aVIII, 286 p.$d20 cm. 461 1$1001UMC0059822$12001 $aˆLa ‰personalità autoritaria$fT. W. Adorno ... [et al.]$gin collaborazione con B. Aron, M. Hertz Levinson, W. R. Morrow$v2 676 $a303.385$9PROCESSI SOCIALI. PREGIUDIZIO$v23 702 1$aAdorno$b, Theodor W.$3CFIV004888 702 1$aAron$b, Betty$3IEIV037637 702 1$aMorrow$b, William R.$3TO0V164043 702 1$aLevinson$b, Maria Hertz$3UMCV031118 790 1$aAdorno$b, Theodor$3CFIV201251$zAdorno, Theodor W. 790 1$aWiesengrund Adorno$b, Theodor$3SBNV060511$zAdorno, Theodor W. 790 1$aAdorno$b, Theodor Wiesengrund$3SIPV002609$zAdorno, Theodor W. 801 3$aIT$bIT-000000$c20130827 850 $aIT-BN0095 912 $aUMC0059835 950 2$aBiblioteca Centralizzata di Ateneo$cv. 1-4$d 01POZZO LIB.F. SANTI 180$e 0101 0060029515E VMA (002 v. 2 (Precedente collocazione S 210)$fB $h20221107$i20221107 977 $a 01 996 $aPersonalità autoritaria e interviste cliniche$92961584 997 $aUNISANNIO